000 00561nam a2200217Ia 4500
005 20230405121811.0
008 140110s9999 xx 000 0 und d
020 _a9780324785753
_cRs 2717
040 _aLoreto College
041 _aEnglish
082 _a338.5
_bARN
100 _aArnold, Roger A
245 _aMicroeconomics
_cRoger A Arnold
260 _aAustralia
_bSouth-Western Cengage Learning
_c2010
300 _axxiv,551p
_bill
504 _aIncludes index
650 _aEconomics
651 _aMicroeconomics
850 _aLCLIB
942 _cBK
999 _c36825
_d87304